000 00493nam a2200193Ia 4500
008 240510s9999 xx 000 0 und d
020 _a0000078815258
041 _aEng
082 _a005.52
082 _bS32
100 _aSHELDON, Tom
245 0 _aMicrosoft Word 5: secrets, solutions, shortcuts
260 _bBerkeley:Osborne McGraw-Hill
260 _c1989
300 _a693 p.
650 _aMicrosoft Word: word processing: applications packges
942 _2ddc
942 _cRBK
999 _c24557
_d24557
945 _a1
_bMadushi Gamage
_c1
_dMadushi Gamage